| 000 | 00822nam a2200277 i 4500 | ||
|---|---|---|---|
| 003 | DO-SdBNP | ||
| 005 | 20260526140344.0 | ||
| 007 | ta | ||
| 008 | 181217s2022 dr 000 spa d | ||
| 020 | _a9789945635270 | ||
| 040 |
_aDO-SdBNP _bspa _cDO-SdBNP _erda |
||
| 041 | _aspa | ||
| 082 | 4 | _222 | |
| 100 | 1 |
_aMena, Sergio Edmundo, _eautor _4aut. _982834 |
|
| 245 | 1 | 3 |
_aLa novia de Dios / _cSergio Edmundo Mena. |
| 250 | _aPrimera edición | ||
| 264 |
_aSanto Domingo : _bEditorial Santuario, _c2022. |
||
| 300 |
_a83 páginas ; _c23 cm. |
||
| 336 |
_atexto _btxt _2rdacontent |
||
| 337 |
_asin mediación _bn _2rdamedia |
||
| 338 |
_avolumen _bnc _2rdacarrier |
||
| 500 | _aIncluye datos biográficos del autor en las solapas | ||
| 590 | _ainventariado, 2022/BT | ||
| 910 | _aBtavárez | ||
| 942 |
_2ddc _cLBS1 |
||
| 999 |
_c47794 _d47794 |
||